[Event "Navara-Hammer Rapid"]
[Site "Novy Bor CZE"]
[Date "2016.10.01"]
[Round "1"]
[White "Hammer, Jon Ludvig"]
[Black "Navara, David"]
[Result "1-0"]
[WhiteTitle "GM"]
[BlackTitle "GM"]
[WhiteElo "2651"]
[BlackElo "2742"]
[WhiteFideId "1503707"]
[BlackFideId "309095"]
[EventDate "2016.10.01"]

1. c4 e5 2. g3 c6 3. d4 e4 4. d5 Nf6 5. a3 cxd5 6. cxd5 Bc5 7. Nc3 O-O 8. Bg2
Re8 9. Nh3 e3 10. O-O exf2+ 11. Kh1 d6 12. Nxf2 Bxf2 13. Rxf2 Nbd7 14. Qd4 Nc5
15. Bg5 Nb3 16. Qh4 Nxa1 17. Bxf6 gxf6 18. Ne4 f5 19. Nf6+ Kf8 20. Qh6+ Ke7 21.
Rf3 Nc2 22. Rc3 Bd7 23. Nxh7 Rg8 24. Qf6+ Ke8 25. Qxd6 Be6 26. Qxd8+ Rxd8 27.
Nf6+ Kf8 28. Nxg8 Bxd5 29. Bxd5 Rxd5 30. Rc8+ Kg7 31. Ne7 Rd2 32. Nxf5+ Kf6 33.
e4 Ne1 34. Nh4 Rxb2 35. Rc1 Nd3 36. Rf1+ Ke6 37. Kg1 Ra2 38. Nf3 f6 39. Nd4+ Ke5
40. Nb5 a6 41. Rf5+ Kxe4 42. Nd6+ Ke3 43. Rxf6 Ne5 44. Re6 Kf3 45. Rf6+ Ke3 46.
Re6 Kd4 47. Nxb7 Nf3+ 48. Kf1 Nxh2+ 49. Kg1 Nf3+ 50. Kf1 Rxa3 51. Kg2 Ng5 52.
Rd6+ Ke5 53. Rg6 Ra2+ 54. Kf1 Kf5 55. Rg8 Ne4 56. Ke1 a5 57. Nxa5 Rxa5 58. Kf1
Ra2 59. Kg1 Ke5 60. Rf8 Kd4 61. Rf3 Ng5 62. Rb3 Ke4 63. Kf1 Nf3 64. Rb4+ Nd4 65.
Rb8 Kd3 66. Rf8 Ne6 67. Rf5 Ke4 68. Rf2 Ra3 69. Kg2 Nd4 70. Rf4+ Ke5 71. Kh3 Nf5
72. Rg4 Ra8 73. Rb4 Rg8 74. g4 Nd6 75. Kg3 Rf8 76. Rb3 Ne4+ 77. Kg2 Rf2+ 78. Kg1
Kf4 79. g5 Rd2 80. Kf1 Nc5 81. Rb8 Nd3 82. g6 Kf3 83. Rf8+ Nf4 84. Ke1 Rg2 85.
Kd1 Rxg6 86. Kc2 Rc6+ 87. Kb3 Ke4 88. Rh8 Kd4 89. Rh4 Rc3+ 90. Kb4 Rf3 91. Rg4
Rf1 92. Kb5 Ke5 93. Rg8 Rb1+ 94. Kc4 Rc1+ 95. Kb5 Ne6 96. Rh8 Nc7+ 97. Kb4 Nd5+
98. Kb5 Nc3+ 99. Kb6 Kd4 100. Rh4+ Ne4 101. Rh8 Nf6 102. Kb5 Rc5+ 103. Ka6 Kd5 1-0

[Event "Navara-Hammer Rapid"]
[Site "Novy Bor CZE"]
[Date "2016.10.01"]
[Round "2"]
[White "Navara, David"]
[Black "Hammer, Jon Ludvig"]
[Result "1-0"]
[WhiteTitle "GM"]
[BlackTitle "GM"]
[WhiteElo "2742"]
[BlackElo "2651"]
[WhiteFideId "309095"]
[BlackFideId "1503707"]
[EventDate "2016.10.01"]

1. d4 Nf6 2. c4 e6 3. Nc3 Bb4 4. e3 O-O 5. Bd3 c5 6. Nf3 d5 7. O-O dxc4 8. Bxc4
cxd4 9. exd4 b6 10. Bg5 Bb7 11. Ne5 h6 12. Bh4 Bxc3 13. bxc3 Nbd7 14. Qe2 Qc7
15. Nxd7 Nxd7 16. Rac1 a6 17. Bd3 b5 18. a4 bxa4 19. Bg3 e5 20. dxe5 Qc6 21. f4
Nc5 22. Bb1 Nb3 23. Qc2 Qxg2+ 24. Qxg2 Bxg2 25. Kxg2 Nxc1 26. Rxc1 Rab8 27. Be4
a3 28. f5 a2 29. e6 Rb2+ 30. Kh3 fxe6 31. fxe6 Re8 32. Re1 Kh8 33. Bd5 Rd2 34.
c4 Re2 35. Ra1 Rd2 36. Bf4 Rc2 37. Bd6 Rd2 38. e7 1-0

[Event "Navara-Hammer Rapid"]
[Site "Novy Bor CZE"]
[Date "2016.10.04"]
[Round "3"]
[White "Hammer, Jon Ludvig"]
[Black "Navara, David"]
[Result "0-1"]
[WhiteTitle "GM"]
[BlackTitle "GM"]
[WhiteElo "2651"]
[BlackElo "2742"]
[WhiteFideId "1503707"]
[BlackFideId "309095"]
[EventDate "2016.10.01"]

1. c4 c5 2. g3 g6 3. Bg2 Bg7 4. e3 Nf6 5. Nc3 O-O 6. Nge2 Nc6 7. O-O d6 8. d4
Bd7 9. d5 Na5 10. b3 a6 11. Rb1 b5 12. Qd3 Rb8 13. Bd2 Qc7 14. Rfc1 bxc4 15.
bxc4 Rb4 16. Nd1 Ra4 17. a3 Ng4 18. f4 Rb8 19. h3 Rxb1 20. Rxb1 Nxc4 21. hxg4
Nxd2 22. Qxd2 Bxg4 23. Ndc3 Rxa3 24. Qb2 Qa5 25. Qb8+ Bf8 26. Qe8 Ra1 27. Rxa1
Qxa1+ 28. Kf2 Bxe2 29. Nxe2 a5 30. Be4 a4 31. Bd3 Qa2 32. Qb5 Qxd5 33. Bc4 Qd1
34. Nc3 Qd2+ 35. Ne2 d5 36. Qxa4 dxc4 37. Qxc4 e6 38. g4 h6 39. Kf3 Qd1 40. Kf2
Be7 41. Qb5 Bh4+ 42. Kg2 Qd5+ 43. Kg1 Qf3 0-1

[Event "Navara-Hammer Rapid"]
[Site "Novy Bor CZE"]
[Date "2016.10.04"]
[Round "4"]
[White "Navara, David"]
[Black "Hammer, Jon Ludvig"]
[Result "1-0"]
[WhiteTitle "GM"]
[BlackTitle "GM"]
[WhiteElo "2742"]
[BlackElo "2651"]
[WhiteFideId "309095"]
[BlackFideId "1503707"]
[EventDate "2016.10.01"]

1. d4 Nf6 2. c4 e6 3. Nc3 d5 4. cxd5 exd5 5. Bg5 c6 6. e3 Be7 7. Bd3 Nbd7 8. Nf3
Ne4 9. Bf4 Ndf6 10. Qc2 O-O 11. O-O Bf5 12. Ne5 g6 13. f3 Nd6 14. Rad1 Bxd3 15.
Rxd3 Nh5 16. Bh6 Re8 17. e4 Bg5 18. Bxg5 Qxg5 19. f4 Qd8 20. exd5 cxd5 21. Nxd5
Rc8 22. Qb3 Nf6 23. Ne3 Nfe4 24. f5 Qb6 25. fxg6 hxg6 26. Qd5 Re6 27. N3g4 Rc2
28. Re3 Qxb2 29. Rxe4 Rxg2+ 30. Kh1 Qxa2 31. Qxa2 Rxa2 32. Ref4 f5 33. d5 Re7
34. Nxg6 Ree2 35. Nf2 Rad2 36. Rf3 Rc2 37. Nf4 Red2 38. Kg1 a5 39. Re3 a4 40.
Re6 Ne4 41. Nxe4 fxe4 42. Re8+ Kh7 43. Re7+ Kh6 44. Rxb7 a3 45. Rb6+ Kh7 46.
Rb7+ Kh6 47. Rb6+ Kh7 48. d6 a2 49. Rb7+ Kh6 50. d7 e3 51. Re1 e2 52. Kf2 Rd1
53. Ra7 Rcc1 54. d8=Q Rxd8 55. Rxc1 Rd1 56. Rc6+ Kg5 57. Ra5+ Kxf4 58. Rc4+ Rd4
59. Rxd4# 1-0